Marketingové aktivity maloobchodného reťazca Lidl diplomová práca

Guardado en:
Detalles Bibliográficos
Autor principal: Navrátil, Ondrej
Autor Corporativo: Obchodná fakulta EU. Katedra marketingu
Otros Autores: Francová, Zuzana, 1971-
Formato: Libro
Lenguaje:eslovaco
Publicado: Bratislava 2011
Etiquetas: Agregar Etiqueta
Sin Etiquetas, Sea el primero en etiquetar este registro!

MARC

LEADER 00000nbm a2200000 4500
001 0142998
005 20161109102007.9
041 0 |a slo 
044 |a SK 
245 1 0 |a Marketingové aktivity maloobchodného reťazca Lidl  |b diplomová práca  |c Ondrej Navrátil ; školiteľ: Zuzana Francová 
264 1 |a Bratislava  |c 2011 
300 |a 76 s. 
100 1 |a Navrátil, Ondrej 
700 1 |a Francová, Zuzana, 1971- 
710 2 |a Obchodná fakulta EU. Katedra marketingu